Normal view
MARC view
- Friedberg, Stephen H.
Entry Personal Name
001 - CONTROL NUMBER
- control field: 8524
003 - CONTROL NUMBER IDENTIFIER
- control field: NUST
005 - DATE AND TIME OF LATEST TRANSACTION
- control field: 20180117112321.0
008 - FIXED-LENGTH DATA ELEMENTS
- fixed length control field: 180117|| aca||aabn | a|a d
040 ## - CATALOGING SOURCE
- Original cataloging agency: NUST
- Transcribing agency: NUST
100 ## - HEADING--PERSONAL NAME
- Personal name: Friedberg, Stephen H.
670 ## - SOURCE DATA FOUND
- Source citation: Work cat.: (NUST)28772: Friedberg, Stephen H., Linear algebra /, 1998.
